| 000 | 00491nam a2200181 a 4500 | ||
|---|---|---|---|
| 001 | 526 | ||
| 003 | CDMR | ||
| 005 | 20130116135155.0 | ||
| 008 | 130130s1978||||||||||||||||||||||||||||d | ||
| 040 |
_aCDMR _bcat _cCDMR |
||
| 100 | 1 |
_aStuke, Franz R. _9380 |
|
| 245 | 1 | 0 |
_aComunicación práctica _cFranz R. Stuke i D. Zimmermann |
| 260 |
_aMadrid _c1978 _bDel Rio |
||
| 300 |
_a136 p ; _c17 cm |
||
| 490 | 0 |
_aCuadernos de la Comunicación _v7 _9381 |
|
| 650 | 0 | 4 |
_aPeriodisme _vManuals _9382 |
| 942 | _cMON | ||
| 999 |
_c526 _d526 |
||